QUESTION BANK (SOLVED) SOCIAL SCIENCE (Record no. 1294)
[ view plain ]
| 000 -LEADER | |
|---|---|
| fixed length control field | 00366nam a22001337a 4500 |
| 082 ## - DEWEY DECIMAL CLASSIFICATION NUMBER | |
| Classification number | 300 |
| Item number | CBSE/R |
| 100 ## - MAIN ENTRY--AUTHOR NAME | |
| Personal name | RELIABLE |
| 245 ## - TITLE STATEMENT | |
| Title | QUESTION BANK (SOLVED) SOCIAL SCIENCE |
| Remainder of title | CLASS X |
| 260 ## - PUBLICATION, DISTRIBUTION, ETC. (IMPRINT) | |
| Place of publication | DELHI |
| Name of publisher | RELIABLE ENTERPRISES |
| 300 ## - PHYSICAL DESCRIPTION | |
| Number of Pages | 280 |
| 520 ## - SUMMARY, ETC. | |
| Summary, etc | SA - II, CCE PATTERN, BASED ON CBSE QUESTION PAPERS |
| 650 ## - SUBJECT ADDED ENTRY--TOPICAL TERM | |
| Topical Term | SOCIAL SCIENCE CLASS X |
| Geographic subdivision | INDIA |
| 942 ## - ADDED ENTRY ELEMENTS (KOHA) | |
| Koha item type | Books |
| Withdrawn status | Lost status | Collection code | Home library | Current library | Shelving location | Date acquired | Source of acquisition | Cost, normal purchase price | Full call number | Accession Number | Koha item type |
|---|---|---|---|---|---|---|---|---|---|---|---|
| Reference | Main Library | Main Library | SHELF-5 A REFERENCE MATHS | 01/01/2010 | purchase | 160.00 | 300 CBSE/R | 03223 | Books |